000
00286nam a22001337a 4500
003
SGT
082
_a
ARU 531
100
_a
ARULDHAS,G
245
_a
CLASSICAL MECHANICS
260
_a
NEW DELHI
_b
PHI
_c
2016
300
_a
360
650
_a
CLASSICAL MECHANICS, PHYSICS
942
_2
ddc
_c
FPS
999
_c
10214
_d
10214